A prescrição da actividade física (Record no. 1996)

MARC details
000 -Etiqueta do registo
Valores 00700cam a2200241 4500
010 ## - Número ISBN
ISBN 9722112732
021 ## - Número do Depósito Legal
Código do país Portugal
Número 139130/99
100 ## - Dados gerais de processamento
Dados gerais 20251121d1999 m||y0pory5003 ba
101 ## - Língua de publicação
Língua Português
102 ## - País de publicação
País Portugal
200 ## - Titulo e menção de responsabilidade
Título próprio A prescrição da actividade física
Primeira menção de responsabilidade Luís Nunes
210 ## - Publicação
Local de publicação Lisboa
Nome do editor Caminho
Data de publicação 1999
215 ## - Descrição física 
Paginação / Volumes 231, [1] p.
Outras indicações físicas il.
Dimensões 21 cm
225 ## - Colecção 
Título próprio da colecção Desporto e tempos livres
Indicação de volume 21
300 ## - Notas gerais 
Texto da nota BIB-Registado
606 ## - Nome comum usado como assunto
Palavra de ordem Saúde
Subdivisão assunto Importância das actividades físicas
ID Autoridade 2870
606 ## - Nome comum usado como assunto
Palavra de ordem Actividades físicas
Subdivisão assunto Prescrição
ID Autoridade 2871
675 ## - CDU
Notação 796.4
Edição BMB
Língua por
700 ## - Autor principal (pessoa individual)
Apelido Nunes
Nome Luís Francisco Afonso Santos
ID Autoridade 2872
801 ## - Fonte de origem
País PT
Agência BMB
Regras de catalogação RPC
990 ## - Elementos KOHA
Tipo de documento Livro
Holdings
Situação do levantamento Estado Número Biblioteca de origem Código de barras Cota Permissão de empréstimo Tipo de documento Forma de aquisição
    1 Biblioteca Municipal de Borba 1946 796.4 NUN / PRE   Livro Oferta
Biblioteca Municipal de Borba

Powered by Koha